| 000 | 00452nab a2200145Ia 4500 | ||
|---|---|---|---|
| 003 | ES-SlBCS | ||
| 005 | 20210601132852.0 | ||
| 008 | 140529s1962 xxu||||| |||| 00| 0 ita d | ||
| 041 | _aita | ||
| 100 | 1 |
_aBanchetti, Silvestro _9199621 |
|
| 245 | 0 | 0 |
_aIntroduzione alla lettura del Gentile _c Silvestro Banchetti |
| 600 | 1 | 4 |
_aGentile, Giovanni _981121 |
| 773 | 0 |
_tGiornali di Metafisica _gvol. 17, nº. 4-5, 1962, págs. 454-464 _w0017-0372 |
|
| 942 | _cAR | ||
| 999 |
_c586916 _d586916 |
||